000 01966nam a2200553 i 4500
001 25930
003 KOSZ 005
005 20200805115855.0
008 200805s1974 pl a f 001 0 pol
015 _aUWD 1974/2927
035 _a991028630989705066
035 _a(PL-WaBN)b17746322-48omnis_nlop
035 _ab17746322
035 _a(OCoLC)69564126
035 _a(PL)b0000001774632
035 _a(EXLNZ-48OMNIS_NETWORK)9910525054005606
040 _aWA N
_cWA N
_dKOSZ 005/RW
041 1 _apol
_hsla
046 _k1970
080 _a678
080 _a66
080 _a54
100 1 _aRado, Rudolf
_eAutor
245 1 0 _aReakcje polimerów inicjowane przez nadtlenki /
_cRudolf Rado ; ze słowackiego tłumaczył Lech Zakrzewski.
246 1 _iTytuł oryginału:
_aPremenné reakcie polymérov budené peroxidmi,
_f1970
260 _aWarszawa :
_bWydawnictwa Naukowo-Techniczne,
_c1974.
300 _a218, [2] stron :
_bwykresy ;
_c21 cm.
336 _aTekst
_btxt
_2rdacontent
337 _aBez urządzenia pośredniczącego
_bn
_2rdamedia
338 _aWolumin
_bnc
_2rdacarrier
380 _aKsiążki
380 _aPublikacje naukowe
388 1 _a1901-2000
388 1 _a1945-1989
504 _aBibliografia przy rozdziałach. Indeks.
521 8 _aKsiążka jest przeznaczona dla pracowników instytutów naukowo-badawczych, specjalizujących się w chemii i technologii związków wielkocząsteczkowych.
650 7 _aPolimery
650 7 _aNadtlenki
650 7 _aTworzywa sztuczne
650 7 _aTechnologia
655 7 _aMonografia
658 _aChemia
658 _aInżynieria i technika
700 1 _aZakrzewski, Lech
_c(chemik)
_eTłumaczenie
710 2 _aWydawnictwa Naukowo-Techniczne
_4pbl
856 _uhttp://koha.tu.koszalin.pl/cgi-bin/koha/opac-detail.pl?biblionumber=25930
_yKatalog online BPK
942 _2UKD
_cKS
999 _c25930
_d25930